| 000 | 006890000a22002170004500 | ||
|---|---|---|---|
| 090 |
_aAR _b04067 |
||
| 245 | 1 | 0 | _aCedro negro (Juglans neotropica) familia Juglandaceae |
| 300 | _a2 p. | ||
| 650 | 1 | 4 |
_aBiología reproductiva _93705 |
| 650 | 1 | 4 |
_aManejo de semillas _997903 |
| 650 | 1 | 4 |
_aPlantas útiles _992936 |
| 651 | 4 |
_dQuindio _pColombia _992749 |
|
| 651 | 4 |
_dTolima _pColombia _992749 |
|
| 653 |
_gJuglans _eJuglans neotropica |
||
| 041 | 0 | _aEspañol | |
| 700 | 1 |
_aTafur A., Oscar _912679 |
|
| 100 | 1 |
_aLotero E., Jorge H. _997905 |
|
| 260 |
_bFundación Herencia Verde _c1999 |
||
| 942 | _cARTICULO | ||
| 773 | 1 | _tEspecies arbóreas de la zona alta de los Andes Centrales colombianos | |
| 999 |
_c13099 _d13099 |
||